01540cam a2200409 a 450000100090000000300040000900500170001300800410003001000170007101500190008801600180010702000150012502000180014003500230015803500200018104000490020105000250025008200300027510000240030524500730032926000560040230000300045852100210048852600230050954100060053256200580053865000600059665000380065665000540069470000180074885600830076685600910084990600450094094200150098599900170100095201130101714400286OSt20140310182702.0060605s2007 njua 000 0 eng  a 2006018471 aGBA6A62192bnb7 a0136295602Uk a0764135627 a9780764135620 a(OCoLC)ocm70061024 a(OCoLC)70061024 aDLCcDLCdYDXdBAKERdBTCTAdUKMdYDXCPdDLC00aPE 1128b.St912 200700aM 428.0071222bS885 20071 aStrausser, Jeffrey.10aPainless English for speakers of other languagescStrausser, Jeffrey aHauppauge, N.Y.bBarron's Educational Seriescc2007 axii, 273 p.bill.c23 cm. aCollege student  c1210L to 1700L  j1 e for circulation. 1copy available in the collection  0aEnglish languagexStudy and teachingxForeign speakers. 0aMiddle school studentsxLanguage. 0aEnglish languagevTextbooks for foreign speakers.1 aPaniza, Jose.413Table of contents onlyuhttp://www.loc.gov/catdir/toc/ecip0615/2006018471.html423Publisher descriptionuhttp://www.loc.gov/catdir/enhancements/fy0701/2006018471-d.html a7bcbccorignewd1eecipf20gy-gencatlg 2lcccBKkM c15176d15176 00102lcc40aCLbCLcGCd2012-04-19l0oPE 1128 .St912 2007pc14054r2018-05-15 00:00:00t1w2012-04-19yBK